Spanish business law / (Record no. 145304)

MARC details
000 -LEADER
campo de control de longitud fija 00512nam a2200169 4500
001 - NÚMERO DE CONTROL
campo de control 145304
003 - IDENTIFICADOR DE NÚMERO DE CONTROL
campo de control ES-MaACL
005 - FECHA Y HORA DE LA ÚLTIMA TRANSACCIÓN
campo de control 20230906201214.0
007 - CAMPO FIJO DE DESCRIPCIÓN FÍSICA--INFORMACIÓN GENERAL
campo de control de longitud fija t|
008 - DATOS DE LONGITUD FIJA--INFORMACIÓN GENERAL
campo de control de longitud fija 070214s1985 ne r ||||1| eng d
020 ## - NÚMERO INTERNACIONAL ESTÁNDAR DEL LIBRO
Número Internacional Estándar del Libro 9065442200
245 00 - MENCIÓN DEL TÍTULO
Título Spanish business law /
Mención de responsabilidad, etc. general editor Bernardo M. Cremades.
260 ## - PUBLICACIÓN, DISTRIBUCIÓN, ETC.
Lugar de publicación, distribución, etc. Deventer (Holanda) :
Nombre del editor, distribuidor, etc. Kluwer Law and Taxation Publishers,
Fecha de publicación, distribución, etc. 1985.
300 ## - DESCRIPCIÓN FÍSICA
Extensión LXII, 656 p. ;
Dimensiones 25 cm.
700 1# - ENTRADA AGREGADA--NOMBRE PERSONAL
Nombre de persona Cremades, Bernardo M.
9 (RLIN) 41481
852 ## - LOCALIZACIÓN
Ubicación ES-MaACL
Número de control de estantería L-10768
Sublocalización o colección R.112764
Holdings
Estatus retirado Estado de pérdida Estado de daño No para préstamo Biblioteca de origen Biblioteca actual Ubicación en estantería Fecha de adquisición Fuente de adquisición Total de préstamos Signatura topográfica completa Código de barras Visto por última vez Precio de reemplazo Tipo de ítem Koha
        Biblioteca del Ateneo de Madrid Biblioteca del Ateneo de Madrid Depósito 2 17/01/2008     L-10768 1151675 23/02/2023 23/02/2023 Libro impreso